000 005360000a22001210004500
100 1 _aAdam, Julio César.
245 1 0 _aArte, simbolos e cores nas alfaias, objetos e paramentos litúrgicos.
300 _ano.32 ( Dez., 2010), p. 3-15
520 _aEl arte, los símbolos y los colores litúrgicos son más que meros elementos decorativos. Comprender el significado de los símbolos litúrgicos y saber como utilizarlos de forma adecuada en el encuentro entre Dios y la comunidad.
650 1 4 _aSIMBOLOS
773 0 _tTEAR
942 _cANA
999 _c63385
_d63385